000 01320nam a22002897a 4500
003 dpl
005 20180906142521.0
008 180906b xxu||||| |||| 00| 0 eng d
010 _aA-484568
020 _c75.00
_a812630118
035 _aB-014284, A-484568
037 _bCen Lib/Ret
040 _aDPL
_bHN
_c0
082 _a
_bपिल्लैत
100 _aपिल्लै, तकषी शिवशंकर
_965032
245 _aमंगलसूत्र /
_cतकषी शिवशंकर पिल्लै; संपादक वी.डी. कृष्णन नम्पियर
246 _aMangalsutra /
_bby Takazhi S. Pillai; sampadak V.D. Krishnan Nampiyar
260 _aनयी दिल्ली
_bभारतीय ज्ञानपीठ
_c1999
270 _a18, इंस्टीट्युशनल एरिया, लोधी रोड
_bनयी दिल्ली
_e110003
300 _axii, 226पृ.
_c21सेमी (सजिल्द)
650 _aमलयालम साहित्य
_965033
650 _aकहानियां
_965034
650 _aMalyalam literature
_924277
650 _aStories
_97500
700 _aनम्पियर, वी.डी. कृष्णन
_965035
942 _2ddc
_cHN
_h
_mपिल्लैत
999 _c116143
_d116143